| 000 | 00496nam a2200205Ia 4500 | ||
|---|---|---|---|
| 003 | OSt | ||
| 005 | 20230615114344.0 | ||
| 008 | 210423s1971 xx 000 0 und d | ||
| 040 | _cAL | ||
| 041 | _aeng | ||
| 082 |
_a338.9 _223 _bIGNC |
||
| 100 |
_aIGNOU _9116833 |
||
| 245 | _aConcepts of development | ||
| 260 |
_bIgnou _c1971 |
||
| 365 |
_b133 _cINR |
||
| 650 |
_aEconomics _9116834 |
||
| 650 |
_aEconomics of Development _9116835 |
||
| 906 | _aConcepts ; development | ||
| 942 |
_2ddc _cBK |
||
| 999 |
_c175455 _d175455 |
||